Detalles MARC
| 000 -CABECERA |
| campo de control de longitud fija |
02163nam a2200229 a 4500 |
| 001 - NÚMERO DE CONTROL |
| campo de control |
000010356 |
| 005 - FECHA Y HORA DE LA ÚLTIMA TRANSACCIÓN |
| campo de control |
20260305073958.0 |
| 008 - DATOS DE LONGITUD FIJA--INFORMACIÓN GENERAL |
| campo de control de longitud fija |
091006t1985 dr 001 e spa d |
| 040 ## - FUENTE DE LA CATALOGACIÓN |
| Centro catalogador/agencia de origen |
DO-SdBNP |
| 082 ## - NÚMERO DE LA CLASIFICACIÓN DECIMAL DEWEY |
| Número de clasificación |
RD864.44 |
| Número de documento/Ítem |
G377t |
| 049 ## - FONDOS LOCALES (OCLC) |
| Fondos de biblioteca |
BNPD |
| 100 1# - ENTRADA PRINCIPAL--NOMBRE DE PERSONA |
| Nombre de persona |
Gerón, Candido, |
| Fechas asociadas al nombre |
1948- |
| 9 (RLIN) |
3577 |
| 245 10 - MENCIÓN DE TÍTULO |
| Título |
Tránsito literario / |
| Mención de responsabilidad, etc. |
Cándido Gerón. |
| 260 ## - PUBLICACIÓN, DISTRIBUCIÓN, ETC. |
| Lugar de publicación, distribución, etc. |
Santo Domingo : |
| Nombre del editor, distribuidor, etc. |
Félix Reyes, |
| Fecha de publicación, distribución, etc. |
1985. |
| 300 ## - DESCRIPCIÓN FÍSICA |
| Extensión |
168 p. ; |
| Dimensiones |
21 cm. |
| 500 ## - NOTA GENERAL |
| Nota general |
Incluye datos biográficos del autor en la contracubierta. |
| 505 0# - NOTA DE CONTENIDO CON FORMATO |
| Título |
Para comprender esta obra -- |
| -- |
Juicio crítico a las obras literarias del Dr. Jorge Blanco -- |
| -- |
Salvador Jorge Blanco : un presidente humanista -- |
| -- |
La poética de Balaguer -- |
| -- |
La narrativa de Bosch -- |
| -- |
La poesía de Baeza Flores -- |
| -- |
La poesía de Pedro Mir -- |
| -- |
La poesía de Fernández Spencer -- |
| -- |
Antonio Carlos González. Poeta español -- |
| -- |
La pasión humanística de Freddy Prestol Castillo -- |
| -- |
Eunice Odio: poetisa costarricense -- |
| -- |
"Al final del arcoiris" de Bonaparte Gautreaux Piñeyro -- |
| -- |
La poesía de Gatón Arce -- |
| -- |
Se nos muere Moreno Jimenes -- |
| -- |
Presentando al General Don Manuel Antonio Cuervo Gómez -- |
| -- |
La poesía de Manuel Rueda -- |
| -- |
La poética de Víctor Villegas -- |
| -- |
La poesía de Lupo Hernández Rueda -- |
| -- |
El Premio Nacional de Poesía -- |
| -- |
La presencia de Matos Paoli -- |
| -- |
"Maneras de luchar" de Rubén Vela -- |
| -- |
La poética de Tolentino -- |
| -- |
La poesía de Abelardo Vicioso -- |
| -- |
Ángeles Amber: poetisa española -- |
| -- |
Prólogo a la obra de Miguel Fajardo (poeta costarricense) -- |
| -- |
La pluralidad poética en Miguel Fajardo -- |
| -- |
Alicia Uzcanga Lavalle: poetisa mexicana -- |
| -- |
Dominique Bludhorn y su preocupación por el arte dominicano -- |
| -- |
La contribución de Dominique Bludhorn al desarrollo histórico, artístico y cultural del país -- |
| -- |
"El paraíso de la memoria " de Pedro Peix -- |
| -- |
La obra poética de Tony Raful -- |
| -- |
La evolución poética de Tony Raful -- |
| -- |
"La otra Penélope" de Andrés L. Mateo -- |
| -- |
La poesía de Orlando Gil. |
| 650 #0 - PUNTO DE ACCESO ADICIONAL DE MATERIA--TÉRMINO DE MATERIA |
| Término de materia o nombre geográfico como elemento de entrada |
Ensayos dominicanos |
| 9 (RLIN) |
65 |
| 650 #0 - PUNTO DE ACCESO ADICIONAL DE MATERIA--TÉRMINO DE MATERIA |
| Término de materia o nombre geográfico como elemento de entrada |
Literatura dominicana. |
| 9 (RLIN) |
67 |
| 650 #4 - PUNTO DE ACCESO ADICIONAL DE MATERIA--TÉRMINO DE MATERIA |
| Término de materia o nombre geográfico como elemento de entrada |
Autores dominicanos |
| Subdivisión general |
Crítica e interpretación |
| 9 (RLIN) |
158 |
| 910 ## - DATOS DE OPCIÓN DEL USUARIO (OCLC) |
| Datos de opción del usuario |
Validado. Control de calidad EMS. |